000
00314nam a22001337a 4500
999
_c
15358
_d
15358
020
_a
9788126436132
082
_a
894.812 3
_b
BAS/PR
100
_a
Basheer, Vaikom Muhammed
_9
54
245
_a
Premalekhanam
260
_a
Kottayam
_b
D.C Books
_c
2017
300
_a
55
650
_a
Malayalam Fiction
_9
3040
942
_c
BK